| 000 | 00400nam a2200157 i 4500 | ||
|---|---|---|---|
| 001 | 33658 | ||
| 003 | ES-MaACL | ||
| 005 | 20230906154810.0 | ||
| 007 | t| | ||
| 008 | 030203s1925 fr ||||1| fre d | ||
| 100 | 1 |
_aBetz, Maurice. _928695 |
|
| 245 | 1 | 2 |
_aL'Incertain roman / _cMaurice Betz. |
| 260 |
_aParĂs : _b[s.n., _c1925] ( _fChaix) |
||
| 300 |
_a247 p. ; _c19 cm. |
||
| 852 |
_aES-MaACL _jF-1594 |
||
| 999 |
_c33658 _d33658 |
||